01004 2200325 4500001002100000005001500021035002000036007000300056008004100059020002200100082001700122084001900139100002800158245009400186250003500280300003900315650002400354700003500378700003000413264003200443336002100475337003000496338002300526040002200549090002200571850001200593504002900605999002200634990002200656INLIS00000000089312420250206113648 a0010-0225000206ta250206s2024 yoi g ind d a978-623-02-9849-304223a658.1511 a658.1511 DAD a0 aDading DamasePengarang10aAkuntansi manajemen berbasis bisnis /cDading Damas, Yoan Yohana Tallane, Liana Rahardja, aCetakan pertama: Desember 2024 axiv, 134 halaman :btabel ;c25 cm 4aManajemen akuntansi0 aYoan Yohana TallaneePengarang0 aLiana RahardjaePengarang31aSleman :bDeepublish,c2024 2rdacontentateks 2rdamediaatanpa perantara 2rdacarrieravolume aYOPDYOGbinderda aCB-D.11 2024-4769 aYOPDYOG aBibliografi: halaman 130 aCB-D.11/2024-4769 aCB-D.11/2024-4769